1758 1771 1714 1133 1564 1183 1574 1414 1085 1164 1918 1610 1348 1147 1137 1599 1888 1392 1229 1928 1501 1264 1786 1029 1032 1010 1925 1751 1846 1284 1512 1878 1253 1000 1797 1276 1038 1374 1220 1696 1596 1203 1327 1794 1851 1156 1963 1763 1305 1699 1691 1399 1516 1554 1176 1990 1956 1293 1146 1457 1165 1360 1647 1343 1887 1053 1017 1306 1226 1270 1108 1174 1452 1348 1554 1596 1417 1848 1079 1016 1232 1543 1523 1783 1708 1151 1312 1882 1793 1363 1034 1066 1916 1516 1104 1961 1603 1587 1352 BCNSPRNW ULIB Ver.6.0+V

เปลี่ยนเป็นภาษาไทย

Change to English
 แสดงรายละเอียดบรรณานุกรม
  กลับหน้าหลัก

Brief Record : Get Marc (ISO 2709) : E-mail record : QR code < ปิดหน้าต่าง
LEADER : 00000nam 2200000uu 4500
001    13399128530
003     ULIB
008    230831s2565||||th 000 0 tha d
020    ^a9786163813008
060    ^aWS440^bท521ต
110    ^aทีมวิชาการ Life Balance
245    ^aตี๋น้อยเอาแต่ใจ
250    ^aพิมพ์ครั้งที่ 1
260    ^aกรุงเทพฯ :^bLife Balance,^cม.ป.ป.
300    ^a24 หน้า;^c19 ซม.
650    ^aนิทานเด็ก
650    ^aเด็ก-พัฒนาการ
945    ^p49^l0^i010298
999    ^aประนอม เกษจรัล
รายการนี้ยังไม่มีแท็ก
คุณยังไม่ได้ล็อกอิน คุณสามารถมีกิจกรรมร่วมกับเว็บไซต์ได้ แต่ต้องล็อกอินก่อน ::
  ล็อกอิน

รายการสื่อสารสนเทศ

ลำดับที่ ประเภท เลขเรียก/บาร์โค้ด สถานที่ สถานะ
1. วิทยาศาสตร์การแพทย์ และสุขภาพ
วิทยาศาสตร์การแพทย์ และสุขภาพ
WS440 ท521ต ฉ.1 
  Barcode: 010298
ห้องสมุดวิทยาเขตสวรรค์ประชารักษ์
►หนังสือทั่วไป
บนชั้น

รายการใกล้เคียง
    ชื่อเรื่อง [ตี๋น้อยเอาแต่ใจ]

    หัวเรื่อง [นิทานเด็ก]
    หัวเรื่อง [เด็ก-พัฒนาการ]

BibComment


ยังไม่เคยถูกคอมเมนท์

คอมเมนท์ทรัพยากรรายการนี้
  คอมเมนท์: ตี๋น้อยเอาแต่ใจ


 Copyright 2026. Bcnsprnw @Library